Statistics for George Clooney Quotes Quiz

Click here to take the quiz!

General Stats

  • This quiz has been taken 37 times
  • The average score is 3 of 9

Answer Stats

Quote Answer % Correct
I'm the flavor __ ___ _____.of the month
80%
It's not about an opening weekend. It's about a career, building a set of films you're _____ of.proud
66%
I don't like to share my personal life. It wouldn't be ________ if I shared it.personal
66%
An acting career usually has about a shelf life of ten years before people get sick of seeing you. It's a good thing to have a job to fall back on and I really do enjoy _________.directing
34%
Run for office? No. I've slept with too many women, I've done too many drugs, and I've been to too ____ _______.many parties
31%
I'm a hybrid. I succeed in both worlds. I hope that selling out on Ocean's Eleven (2001) is not such a bad deal. The trade-off is, I get to go make something uncommercial that will probably ____ _____.lose money
14%
I'd rather have a rectal examination on live TV by a fellow with cold hands than have a ________ ____!Facebook Page
9%
I just found out about 10 days ago that I must live 300 or 400 yards from ______ _____, so now I have to move.Britney Spears
9%
People forget that I was _______.married
6%

Score Distribution

Percentile by Number Answered

Percent of People with Each Score

Your Score History

You have not taken this quiz